000 00428nam a2200157Ia 4500
008 230711s9999||||xx |||||||||||||| ||und||
041 _aENG
082 _a720
_bBP-U
100 _aBPB Publication
245 0 _aUp-to-date world's transistors-diodes-thyristors & IC's comparison tables 1N...60,000
250 _a1st Ed.
260 _c1992
_aNew Delhi
_bBPB Publications
300 _a953
650 _aArchitecture
942 _cBK
999 _c1906
_d1906